[Event "Mittelrhein Verbandsliga-S 18/19"]
[Site "Nordrheinwestfalen"]
[Date "2019.05.05"]
[Round "10.4"]
[White "Behle, Burkhard"]
[Black "Neese, Hans Joachim"]
[Result "1/2-1/2"]
[WhiteElo "1768"]
[BlackElo "2013"]
[PlyCount "75"]
[EventDate "2018.09.02"]
[EventType "team-tourn"]
[EventRounds "11"]
[EventCountry "GER"]
[SourceTitle "EXT 2022"]
[Source "ChessBase"]
[SourceDate "2021.10.06"]
[SourceVersion "1"]
[SourceVersionDate "2021.10.06"]
[SourceQuality "1"]
[WhiteTeam "Bergische SF II"]
[BlackTeam "Hennef"]
[WhiteTeamCountry "GER"]
[BlackTeamCountry "GER"]

1. c4 Nf6 2. d4 e6 3. Nc3 d5 4. Bg5 Be7 5. e3 0-0 6. Rc1 c6 7. Nf3 Nbd7 8. Bd3 Re8 9. 0-0 h6 10. Bh4 dxc4 11. Bxc4 b5 12. Bd3 a6 13. Bg3 Bb7 14. Ne4 Nxe4 15. Bxe4 Rc8 16. Qb3 Nf6 17. Bb1 c5 18. dxc5 Rxc5 19. Rxc5 Bxc5 20. Rd1 Qa8 21. Rc1 Rc8 22. Be5 Be7 23. Rxc8+ Qxc8 24. Qc2 Qd7 25. Bd4 Be4 26. Qc1 Qd5 27. Bxe4 Qxe4 28. Ne5 Qb7 29. Qc6 Qxc6 30. Nxc6 Bd6 31. f3 Nd7 32. g3 Kf8 33. Bc3 Nb6 34. b3 Nd5 35. Bd2 Bc5 36. Kf2 Ke8 37. Ke2 f5 38. Kd3 1/2-1/2

[Event "Mittelrhein Verbandsliga-S 18/19"]
[Site "Nordrheinwestfalen"]
[Date "2018.10.28"]
[Round "3.3"]
[White "Behle, Burkhard"]
[Black "Kummer, Wolfram"]
[Result "0-1"]
[WhiteElo "1796"]
[BlackElo "2028"]
[PlyCount "56"]
[EventDate "2018.09.02"]
[EventType "team-tourn"]
[EventRounds "11"]
[EventCountry "GER"]
[SourceTitle "EXT 2022"]
[Source "ChessBase"]
[SourceDate "2021.10.06"]
[SourceVersion "1"]
[SourceVersionDate "2021.10.06"]
[SourceQuality "1"]
[WhiteTeam "Bergische SF II"]
[BlackTeam "Godesberg II"]
[WhiteTeamCountry "GER"]
[BlackTeamCountry "GER"]

1. d4 Nf6 2. c4 c5 3. d5 b5 4. Qc2 d6 5. e4 bxc4 6. Bxc4 g6 7. Nc3 Bg7 8. Bb5+ Nbd7 9. Bc6 Rb8 10. Qa4 Rb4 11. Qxa7 Nxe4 12. a3 Rc4 13. Bb5 Rxc3 14. f3 Rb3 15. Qa4 Rxb5 16. Qxb5 Nef6 17. Qc6 0-0 18. Ne2 Ne5 19. Qa4 Nd3+ 20. Kd2 Ne5 21. Nc3 Bb7 22. Rd1 Nxd5 23. Nxd5 Bxd5 24. Ke1 e6 25. Rb1 Qb6 26. Qh4 Bxf3 27. Rd2 Bxg2 28. Qf2 Be4 0-1

[Event "Mittelrhein Verbandsliga-S 18/19"]
[Site "Nordrheinwestfalen"]
[Date "2018.09.30"]
[Round "2.5"]
[White "Raboese, Richard"]
[Black "Behle, Burkhard"]
[Result "1-0"]
[WhiteElo "1915"]
[BlackElo "1780"]
[PlyCount "49"]
[EventDate "2018.09.02"]
[EventType "team-tourn"]
[EventRounds "11"]
[EventCountry "GER"]
[SourceTitle "EXT 2022"]
[Source "ChessBase"]
[SourceDate "2021.10.06"]
[SourceVersion "1"]
[SourceVersionDate "2021.10.06"]
[SourceQuality "1"]
[WhiteTeam "Niederkassel II"]
[BlackTeam "Bergische SF II"]
[WhiteTeamCountry "GER"]
[BlackTeamCountry "GER"]

1. d4 Nf6 2. c4 e5 3. dxe5 Ng4 4. Bf4 Nc6 5. Nf3 Bb4+ 6. Nbd2 Qe7 7. e3 Ngxe5 8. Nxe5 Nxe5 9. Be2 d6 10. 0-0 Bd7 11. a3 Bxd2 12. Qxd2 Bc6 13. b4 Ng6 14. Bg3 Nh4 15. f3 Ng6 16. b5 Bd7 17. c5 dxc5 18. Bxc7 b6 19. Bd6 Qf6 20. Qd5 Rd8 21. Rad1 Ne7 22. Qb7 Nc8 23. Bc7 0-0 24. Bxd8 Rxd8 25. Rxd7 1-0

[Event "Mittelrhein Verbandsliga-N 17/18"]
[Site "Nordrheinwestfalen"]
[Date "2018.02.25"]
[Round "8.7"]
[White "Tbaila, Ralph"]
[Black "Behle, Burkhard"]
[Result "1/2-1/2"]
[WhiteElo "1828"]
[BlackElo "1801"]
[PlyCount "113"]
[EventDate "2017.09.10"]
[EventType "team-swiss"]
[EventRounds "11"]
[EventCountry "GER"]
[SourceTitle "EXT 2022"]
[Source "ChessBase"]
[SourceDate "2021.10.06"]
[SourceVersion "1"]
[SourceVersionDate "2021.10.06"]
[SourceQuality "1"]
[WhiteTeam "Kalker/Deutzer SG"]
[BlackTeam "Bergische SF"]
[WhiteTeamCountry "GER"]
[BlackTeamCountry "GER"]

1. b4 e6 2. Bb2 Nf6 3. b5 d5 4. e3 a6 5. a4 axb5 6. axb5 Rxa1 7. Bxa1 c5 8. c4 Nbd7 9. d3 Be7 10. Nf3 0-0 11. Be2 b6 12. 0-0 Bb7 13. Nbd2 Qc7 14. Qc2 Ra8 15. Bb2 h6 16. Ra1 Rxa1+ 17. Bxa1 Qb8 18. Qa2 Bd6 19. g3 Bc7 20. Qc2 dxc4 21. dxc4 Qa8 22. Bb2 Ne4 23. Nxe4 Bxe4 24. Qc3 f6 25. Nd2 Be5 26. Qa3 Qxa3 27. Bxa3 Bc2 28. f4 Bc3 29. Nf3 Kf7 30. Kf2 Ke7 31. h4 Kf7 32. g4 Be4 33. h5 g5 34. hxg6+ Kxg6 35. Nh4+ Kf7 36. Nf3 Kg6 37. Nh4+ Kf7 38. Bc1 f5 39. Bf3 Nf6 40. gxf5 exf5 41. Ke2 Ke6 42. Bd2 Bb2 43. Be1 Bxf3+ 44. Kxf3 Ne4 45. Ke2 Bc3 46. Nf3 Bf6 47. Kd3 Bb2 48. Bh4 Bf6 49. Bxf6 Kxf6 50. Nd2 Nxd2 51. Kxd2 h5 52. Ke2 h4 53. Kf3 Kg6 54. Kg2 Kh6 55. Kf3 Kg6 56. Kg2 Kh6 57. Kh2 1/2-1/2

[Event "Mittelrhein Verbandsliga-O 16/17"]
[Site "Nordrheinwestfalen"]
[Date "2017.02.19"]
[Round "8.3"]
[White "Wilke, Christopher"]
[Black "Behle, Burkhard"]
[Result "1-0"]
[WhiteElo "1972"]
[BlackElo "1849"]
[PlyCount "81"]
[EventDate "2016.09.11"]
[EventType "team-tourn"]
[EventRounds "11"]
[EventCountry "GER"]
[SourceTitle "EXT 2022"]
[Source "ChessBase"]
[SourceDate "2021.10.06"]
[SourceVersion "1"]
[SourceVersionDate "2021.10.06"]
[SourceQuality "1"]
[WhiteTeam "Niederkassel II"]
[BlackTeam "Bergische SF II"]
[WhiteTeamCountry "GER"]
[BlackTeamCountry "GER"]

1. d4 d5 2. c4 c6 3. Nf3 Nf6 4. Nc3 e6 5. e3 a6 6. Bd3 dxc4 7. Bxc4 b5 8. Bd3 Bb7 9. 0-0 c5 10. b3 Nbd7 11. Bb2 cxd4 12. exd4 Be7 13. Qe2 0-0 14. Rac1 Nb6 15. Rfd1 Rc8 16. Ne5 Nbd5 17. Nxd5 Qxd5 18. f3 Qd6 19. Bb1 Qb6 20. Qd3 g6 21. h4 Nd5 22. Nd7 Qd6 23. Nxf8 Rxc1 24. Bxc1 Bxf8 25. Bd2 Bg7 26. Be1 Nf4 27. Qe3 Bxd4 28. Rxd4 Qxd4 29. Qxd4 Ne2+ 30. Kf2 Nxd4 31. Ke3 Nf5+ 32. Bxf5 gxf5 33. Kd4 Kf8 34. Ke5 Ke7 35. Bb4+ Kd7 36. h5 Kc6 37. h6 Bc8 38. f4 f6+ 39. Kxf6 Kd5 40. Kg7 e5 41. Kxh7 1-0

[Event "Mittelrhein Verbandsliga-O 16/17"]
[Site "Nordrheinwestfalen"]
[Date "2017.01.08"]
[Round "6"]
[White "Behle, Burkhard"]
[Black "Thiemonds, Uli"]
[Result "0-1"]
[WhiteElo "1840"]
[BlackElo "2022"]
[PlyCount "52"]
[EventDate "2016.09.11"]
[EventType "team-tourn"]
[EventRounds "11"]
[EventCountry "GER"]
[SourceTitle "EXT 2022"]
[Source "ChessBase"]
[SourceDate "2021.10.06"]
[SourceVersion "1"]
[SourceVersionDate "2021.10.06"]
[SourceQuality "1"]
[WhiteTeam "Bergische SF II"]
[BlackTeam "Porz SG IV"]
[WhiteTeamCountry "GER"]
[BlackTeamCountry "GER"]

1. d4 e6 2. e4 d5 3. exd5 exd5 4. Bd3 Bd6 5. Nc3 c6 6. Nge2 Ne7 7. Bf4 Bf5 8. 0-0 Bxf4 9. Nxf4 Qd6 10. Nce2 Nd7 11. Bxf5 Nxf5 12. Qd3 g6 13. Rfe1 0-0 14. g4 Ng7 15. Qg3 Qb4 16. Nd3 Qd2 17. c3 Rae8 18. Rad1 Qg5 19. h4 Qd8 20. Nef4 h6 21. Ng2 h5 22. f3 hxg4 23. fxg4 Nf6 24. Rf1 Ne4 25. Qf3 f6 26. Rde1 Nd2 0-1

[Event "Mittelrhein Verbandsliga-O 16/17"]
[Site "Nordrheinwestfalen"]
[Date "2016.09.11"]
[Round "1"]
[White "Vandenbergen, Nicolas"]
[Black "Behle, Burkhard"]
[Result "1-0"]
[WhiteElo "2088"]
[BlackElo "1863"]
[PlyCount "71"]
[EventDate "2016.09.11"]
[EventType "team-tourn"]
[EventRounds "11"]
[EventCountry "GER"]
[SourceTitle "EXT 2022"]
[Source "ChessBase"]
[SourceDate "2021.10.06"]
[SourceVersion "1"]
[SourceVersionDate "2021.10.06"]
[SourceQuality "1"]
[WhiteTeam "Euskirchen Turm"]
[BlackTeam "Bergische SF II"]
[WhiteTeamCountry "GER"]
[BlackTeamCountry "GER"]

1. d4 d5 2. c4 e6 3. Nc3 Nf6 4. cxd5 exd5 5. Bg5 Be7 6. e3 Nbd7 7. Bd3 c6 8. Nge2 Ne4 9. Bf4 Ndf6 10. Qc2 Nxc3 11. bxc3 h6 12. 0-0 Bd6 13. f3 Bxf4 14. Nxf4 Qc7 15. c4 g5 16. Ne2 0-0 17. e4 dxe4 18. Bxe4 Bd7 19. Bd3 Rac8 20. Qd2 Nh5 21. g4 Nf4 22. Nxf4 gxf4 23. Rae1 Qd6 24. Re4 c5 25. d5 b5 26. Qxf4 Qxf4 27. Rxf4 b4 28. Rf6 Kg7 29. Rd6 Rc7 30. Kf2 Re8 31. h4 f6 32. h5 a5 33. Ra6 a4 34. Be4 Rcc8 35. Ra7 Red8 36. Bf5 1-0

[Event "Mittelrhein Verbandsliga Ost 1314"]
[Site "Mittelrhein"]
[Date "2014.04.06"]
[Round "9.4"]
[White "Otto, Wolfgang"]
[Black "Behle, Burkhard"]
[Result "1/2-1/2"]
[WhiteElo "1955"]
[BlackElo "1851"]
[PlyCount "105"]
[EventDate "2013.09.15"]
[EventType "team-tourn"]
[EventRounds "11"]
[EventCountry "GER"]
[SourceTitle "EXT 2023"]
[Source "ChessBase"]
[SourceDate "2022.10.05"]
[SourceVersion "1"]
[SourceVersionDate "2022.10.05"]
[SourceQuality "1"]
[WhiteTeam "Godesberg IV"]
[BlackTeam "Bergische SF II"]
[WhiteTeamCountry "GER"]
[BlackTeamCountry "GER"]

1. d4 Nf6 2. c4 e6 3. Nf3 Bb4+ 4. Bd2 Qe7 5. g3 Ne4 6. a3 Bxd2+ 7. Nbxd2 d5 8. Rc1 0-0 9. Bg2 f5 10. Qc2 c6 11. Ne5 Nxd2 12. Qxd2 Nd7 13. Nxd7 Bxd7 14. 0-0 Rad8 15. Qe3 Qf6 16. f4 Be8 17. Rfd1 Bh5 18. Rd2 h6 19. Qb3 Rd7 20. e3 Qe7 21. Qa2 Bf7 22. c5 g5 23. Re1 Be8 24. Bf3 Kh8 25. Rg2 Rg8 26. b4 a6 27. Kh1 Qd8 28. Qf2 Rh7 29. Reg1 g4 30. Be2 h5 31. h4 gxh3 32. Rh2 h4 33. Rxh3 hxg3 34. Rgxg3 Rxg3 35. Qxg3 Qe7 36. Kg2 Rxh3 37. Kxh3 Qh7+ 38. Qh4 Qxh4+ 39. Kxh4 Kg7 40. Kg5 Bf7 41. a4 Be8 42. Bd3 Bd7 43. Bf1 Be8 44. Be2 Bg6 45. b5 axb5 46. axb5 Be8 47. b6 Bd7 48. Bh5 Bc8 49. Be8 Kf8 50. Bh5 Kg7 51. Be2 Bd7 52. Ba6 Bc8 53. Be2 1/2-1/2

[Event "Mittelrhein Verbandsliga Ost 1314"]
[Site "Mittelrhein"]
[Date "2014.03.09"]
[Round "8.4"]
[White "Behle, Burkhard"]
[Black "Meissner, Wolf Dieter"]
[Result "0-1"]
[WhiteElo "1851"]
[BlackElo "1950"]
[PlyCount "56"]
[EventDate "2013.09.15"]
[EventType "team-tourn"]
[EventRounds "11"]
[EventCountry "GER"]
[SourceTitle "EXT 2023"]
[Source "ChessBase"]
[SourceDate "2022.10.05"]
[SourceVersion "1"]
[SourceVersionDate "2022.10.05"]
[SourceQuality "1"]
[WhiteTeam "Bergische SF II"]
[BlackTeam "Lohmar"]
[WhiteTeamCountry "GER"]
[BlackTeamCountry "GER"]

1. d4 Nf6 2. c4 g6 3. Nc3 Bg7 4. g3 d5 5. Nf3 0-0 6. cxd5 Nxd5 7. Bg2 c5 8. Nxd5 Qxd5 9. 0-0 cxd4 10. Be3 d3 11. Ne1 Qb5 12. Nxd3 Nc6 13. a4 Qf5 14. Rc1 Rd8 15. Rc5 e5 16. Re1 Bf8 17. Rc4 Be6 18. g4 Qf6 19. g5 Qe7 20. Rh4 f5 21. gxf6 Qxf6 22. Re4 Qf7 23. Qc1 Bd5 24. Rg4 Bxg2 25. Rxg2 Rac8 26. Bg5 Rd4 27. Qe3 e4 28. Nc5 Bxc5 0-1

[Event "Mittelrhein Verbandsliga Ost 1314"]
[Site "Mittelrhein"]
[Date "2014.01.19"]
[Round "6.4"]
[White "Behle, Burkhard"]
[Black "Budzyn, Marcus"]
[Result "1-0"]
[WhiteElo "1851"]
[BlackElo "1913"]
[PlyCount "79"]
[EventDate "2013.09.15"]
[EventType "team-tourn"]
[EventRounds "11"]
[EventCountry "GER"]
[SourceTitle "EXT 2023"]
[Source "ChessBase"]
[SourceDate "2022.10.05"]
[SourceVersion "1"]
[SourceVersionDate "2022.10.05"]
[SourceQuality "1"]
[WhiteTeam "Bergische SF II"]
[BlackTeam "Troisdorf"]
[WhiteTeamCountry "GER"]
[BlackTeamCountry "GER"]

1. d4 Nf6 2. c4 e6 3. Nc3 c5 4. d5 exd5 5. cxd5 d6 6. Nf3 g6 7. g3 Bg7 8. Bg2 0-0 9. 0-0 a6 10. a4 Nbd7 11. Bf4 Qc7 12. Qd2 Ng4 13. Rae1 Nde5 14. h3 Nc4 15. Qc1 Nge5 16. Nxe5 Nxe5 17. Bh6 Rb8 18. Bxg7 Kxg7 19. f4 Nc4 20. e4 b5 21. axb5 axb5 22. Nxb5 Rxb5 23. Qxc4 Rb4 24. Qc3+ f6 25. Ra1 Qb7 26. Rf2 Qb6 27. g4 Bd7 28. Ra3 Kg8 29. Bf3 Ba4 30. Kg2 h6 31. Rd2 Kh7 32. h4 Rf7 33. Kh1 f5 34. gxf5 gxf5 35. Bh5 Rg7 36. exf5 Rxf4 37. Bg6+ Kg8 38. Qf6 Qc7 39. Re2 Qd7 40. Rae3 1-0

[Event "Bergisch Gladbach-ch"]
[Site "Bergisch Gladbach"]
[Date "2007.09.25"]
[Round "6"]
[White "Reinemer, Frank"]
[Black "Behle, Burkhard"]
[Result "1-0"]
[WhiteElo "2120"]
[BlackElo "1854"]
[PlyCount "79"]
[EventDate "2007.08.24"]
[EventType "swiss"]
[EventRounds "7"]
[EventCountry "GER"]
[SourceTitle "EXT 2011"]
[Source "ChessBase"]
[SourceDate "2010.11.26"]
[SourceVersion "1"]
[SourceVersionDate "2010.11.26"]
[SourceQuality "1"]

1. d4 Nf6 2. c4 e5 3. dxe5 Ng4 4. e4 Nxe5 5. f4 Ng6 6. Be3 Bb4+ 7. Nd2 Qe7 8. Qc2 Na6 9. Ngf3 Bc5 10. Bxc5 Qxc5 11. g3 Qe3+ 12. Be2 Nb4 13. Qb1 Nc6 14. Qd3 Qxd3 15. Bxd3 d6 16. Nb3 Bd7 17. c5 Nb4 18. Ke2 Nxd3 19. Kxd3 0-0-0 20. cxd6 Bb5+ 21. Ke3 Rxd6 22. Rhd1 Rxd1 23. Rxd1 f6 24. Rc1 Re8 25. Nfd4 Bd7 26. Nc5 Ne7 27. Nce6 Bxe6 28. Nxe6 Kd7 29. Nxg7 Rc8 30. Rd1+ Kc6 31. Rc1+ Kd7 32. Rd1+ Kc6 33. Ne6 b6 34. Nd8+ Kb5 35. Rd7 Ng8 36. Ne6 c5 37. Rxa7 Rc6 38. Nc7+ Kb4 39. Nd5+ Kb5 40. Nc3+ 1-0

[Event "Bergisch Gladbach-ch"]
[Site "Bergisch Gladbach"]
[Date "2007.09.07"]
[Round "3"]
[White "Mueller, Rene"]
[Black "Behle, Burkhard"]
[Result "0-1"]
[WhiteElo "1678"]
[BlackElo "1854"]
[PlyCount "130"]
[EventDate "2007.08.24"]
[EventType "swiss"]
[EventRounds "7"]
[EventCountry "GER"]
[SourceTitle "EXT 2011"]
[Source "ChessBase"]
[SourceDate "2010.11.26"]
[SourceVersion "1"]
[SourceVersionDate "2010.11.26"]
[SourceQuality "1"]

1. e4 e6 2. d4 d5 3. Nd2 Nf6 4. e5 Nfd7 5. Bd3 c5 6. c3 Nc6 7. Ngf3 Qb6 8. 0-0 cxd4 9. cxd4 Nxd4 10. Nxd4 Qxd4 11. Nf3 Qb6 12. Qa4 Qb4 13. Qc2 Qc5 14. Qa4 Qb4 15. Qc2 a6 16. a3 Qg4 17. h3 Qh5 18. Qa4 Be7 19. Kh2 f5 20. exf6 gxf6 21. g4 Qf7 22. Bf4 0-0 23. Bh6 Bd6+ 24. Kh1 Nc5 25. Qc2 Re8 26. Be2 Qg6 27. Qc1 Nb3 28. Qe3 Bc5 29. Qxb3 Qxh6 30. h4 Qf4 31. Rad1 Rb8 32. Qc2 Ba7 33. Ng1 Bd7 34. Nh3 Qh6 35. h5 Bc6 36. Bf3 Rbc8 37. g5 fxg5 38. Nxg5 d4 39. Rg1 Bxf3+ 40. Nxf3+ Kh8 41. Qe4 Qxh5+ 42. Kg2 Rg8+ 43. Kf1 Rxg1+ 44. Kxg1 Qg6+ 45. Qxg6 hxg6 46. Kg2 Kg8 47. Rd3 Kf7 48. Nxd4 Rd8 49. Rf3+ Ke7 50. Ne2 Rd2 51. Rb3 b5 52. Kf1 Rd1+ 53. Kg2 Bc5 54. Rc3 Kd6 55. Ng3 Kd5 56. Kf3 Bd4 57. Rc2 Rb1 58. Ne2 e5 59. Kg4 Ke4 60. f3+ Kd3 61. Nxd4 exd4 62. Rg2 Ke3 63. b4 d3 64. f4 d2 65. Rg3+ Ke4 0-1

[Event "Bergisch Gladbach-ch"]
[Site "Bergisch Gladbach"]
[Date "2007.08.24"]
[Round "1"]
[White "Behle, Burkhard"]
[Black "Seelig, Jochen"]
[Result "1-0"]
[WhiteElo "1854"]
[BlackElo "1379"]
[PlyCount "87"]
[EventDate "2007.08.24"]
[EventType "swiss"]
[EventRounds "7"]
[EventCountry "GER"]
[SourceTitle "EXT 2011"]
[Source "ChessBase"]
[SourceDate "2010.11.26"]
[SourceVersion "1"]
[SourceVersionDate "2010.11.26"]
[SourceQuality "1"]

1. e4 b6 2. d4 Bb7 3. Bd3 Nf6 4. Qe2 d5 5. e5 Ne4 6. f3 f5 7. c3 e6 8. fxe4 dxe4 9. Bc4 c5 10. Be3 Nc6 11. Bxe6 cxd4 12. cxd4 Bb4+ 13. Nc3 Nxd4 14. Bxd4 Qxd4 15. Qb5+ Ke7 16. Nge2 Qd3 17. Bc4 Bxc3+ 18. bxc3 Qe3 19. Rd1 Rad8 20. Qb4+ Qc5 21. Qxc5+ bxc5 22. 0-0 Bc8 23. Rxd8 Rxd8 24. g4 g6 25. gxf5 gxf5 26. Kf2 Be6 27. Bb3 c4 28. Bc2 Rd2 29. Bb1 Bf7 30. Ke3 Rb2 31. Nd4 Be6 32. Rg1 Kf7 33. Bc2 Rxa2 34. Rb1 Bd5 35. Rb5 Ba8 36. h4 Ra3 37. Kf4 Kg6 38. e6 Kf6 39. Rxf5+ Ke7 40. Rf7+ Ke8 41. Rxh7 Bd5 42. Nb5 Ra2 43. Nc7+ Kd8 44. Nxd5 1-0

[Event "Bergisch Gladbach-ch"]
[Site "Bergisch Gladbach"]
[Date "2006.10.06"]
[Round "7"]
[White "Eberl, Christian"]
[Black "Behle, Burkhard"]
[Result "0-1"]
[WhiteElo "1591"]
[BlackElo "1939"]
[PlyCount "94"]
[EventDate "2006.08.25"]
[EventType "swiss"]
[EventRounds "7"]
[EventCountry "GER"]
[SourceTitle "EXT 2008"]
[Source "ChessBase"]
[SourceDate "2007.11.25"]
[SourceVersion "1"]
[SourceVersionDate "2007.11.25"]
[SourceQuality "1"]

1. e4 e5 2. Nf3 Nf6 3. Nxe5 d6 4. Nf3 Nxe4 5. Bc4 d5 6. Qe2 dxc4 7. Qxe4+ Qe7 8. Qxe7+ Bxe7 9. 0-0 Nc6 10. b3 Bg4 11. Bb2 Bxf3 12. gxf3 cxb3 13. axb3 0-0-0 14. Re1 Rd6 15. Re4 f5 16. Rf4 Rg6+ 17. Kf1 Bd6 18. Rh4 h6 19. Nc3 a6 20. Re1 Ne5 21. Re3 Kd7 22. Nd5 Re6 23. Nf4 Ree8 24. Bxe5 Bxe5 25. Ng6 Bf6 26. Rb4 Rxe3 27. fxe3 Rb8 28. h3 b5 29. Rf4 Ke6 30. e4 fxe4 31. fxe4 Rd8 32. d3 a5 33. Rf5 c6 34. Ke2 Ra8 35. Rf1 a4 36. bxa4 bxa4 37. Kd2 a3 38. c3 a2 39. Ra1 Kf7 40. Nf4 Bg5 41. Ke3 Ke7 42. e5 Rf8 43. Rxa2 Rxf4 44. Rc2 Ke6 45. d4 Rh4+ 46. Kd3 Rxh3+ 47. Ke4 Re3# 0-1

[Event "Bergisch Gladbach-ch"]
[Site "Bergisch Gladbach"]
[Date "2005.09.23"]
[Round "5"]
[White "Lobbes, Frank"]
[Black "Behle, Burkhard"]
[Result "1/2-1/2"]
[WhiteElo "1827"]
[BlackElo "1941"]
[PlyCount "52"]
[EventDate "2005.08.26"]
[EventType "swiss"]
[EventRounds "7"]
[EventCountry "GER"]
[SourceTitle "CBM 108 Extra"]
[Source "ChessBase"]
[SourceDate "2005.11.04"]
[SourceVersion "1"]
[SourceVersionDate "2005.11.04"]
[SourceQuality "1"]

1. e4 c5 2. Nf3 Nc6 3. d4 cxd4 4. Nxd4 g6 5. f4 Bg7 6. Nxc6 bxc6 7. Bc4 Ba6 8. Qe2 Bxc4 9. Qxc4 Qb6 10. Nc3 Rb8 11. Nd1 Qb4+ 12. Qxb4 Rxb4 13. e5 f6 14. exf6 Nxf6 15. 0-0 0-0 16. Bd2 Rc4 17. c3 Nd5 18. g3 Re4 19. Re1 Rxe1+ 20. Bxe1 e5 21. fxe5 Bxe5 22. Bf2 Nb6 23. Rc1 d5 24. Kg2 Rf7 25. Rc2 Nc4 26. Re2 Bb8 1/2-1/2

[Event "Bergisch Gladbach-ch 26th"]
[Site "Bergisch Gladbach"]
[Date "2004.09.03"]
[Round "1"]
[White "Behle, Burkhard"]
[Black "Schulz, Dieter"]
[Result "1-0"]
[WhiteElo "1943"]
[BlackElo "1711"]
[PlyCount "113"]
[EventDate "2004.09.??"]
[EventType "swiss"]
[EventRounds "7"]
[EventCountry "GER"]
[SourceTitle "EXT 2005"]
[Source "ChessBase"]
[SourceDate "2004.11.15"]
[SourceVersion "1"]
[SourceVersionDate "2004.11.15"]
[SourceQuality "1"]

1. d4 g6 2. e4 Bg7 3. Bc4 e6 4. Nf3 Ne7 5. 0-0 d6 6. Nc3 Nd7 7. Re1 h6 8. Be3 0-0 9. Qd2 Kh7 10. Rad1 a6 11. a4 b6 12. Ne2 Bb7 13. Ng3 Nf6 14. Qd3 Qd7 15. Bb3 Qc6 16. Bc1 b5 17. axb5 axb5 18. d5 exd5 19. Nd4 Qd7 20. exd5 Nexd5 21. Qxb5 c6 22. Qd3 Nb4 23. Qf1 d5 24. f3 Ba6 25. Qf2 c5 26. Nde2 c4 27. Bd2 Rfb8 28. Qc5 Bf8 29. Qd4 Bg7 30. Bxb4 Rxb4 31. Nc3 Nh5 32. Qxd5 Qa7+ 33. Kh1 Nxg3+ 34. hxg3 cxb3 35. cxb3 Rab8 36. Ra1 Qb7 37. Qd6 Rb6 38. Qa3 Bd3 39. Re7 Rxb3 40. Qd6 Rd8 41. Rxb7 Rxd6 42. Rxb3 Bc4 43. Rb4 Be6 44. Ra5 Rd2 45. Na4 Re2 46. Rab5 Bf8 47. Rd4 Be7 48. Nc3 Re1+ 49. Kh2 Bf6 50. Rd2 Rc1 51. Ne4 Be7 52. Rb7 Bf8 53. Rd8 Bg7 54. b3 Rb1 55. Nc5 Re1 56. Nxe6 Rxe6 57. Rxf7 1-0

[Event "Bergisch Gladbach-ch 25th"]
[Site "Bergisch Gladbach"]
[Date "2003.09.05"]
[Round "2.2"]
[White "Behle, Burkhard"]
[Black "Themm, Harald"]
[Result "1-0"]
[WhiteElo "1938"]
[BlackElo "1682"]
[PlyCount "61"]
[EventDate "2003.08.??"]
[EventType "swiss"]
[EventRounds "7"]
[EventCountry "GER"]
[SourceTitle "EXT 2005"]
[Source "ChessBase"]
[SourceDate "2004.11.15"]
[SourceVersion "1"]
[SourceVersionDate "2004.11.15"]
[SourceQuality "1"]

1. d4 c5 2. d5 g6 3. e4 Bg7 4. a4 d6 5. Ne2 Nf6 6. Ng3 0-0 7. Bf4 b6 8. Qd2 Ba6 9. Bxa6 Nxa6 10. Na3 Nc7 11. Nc4 Nd7 12. Bh6 Ne8 13. c3 Nef6 14. h4 Ng4 15. Bxg7 Kxg7 16. h5 Rh8 17. Qg5 Nge5 18. Nf5+ Kg8 19. hxg6 fxg6 20. Nxe5 Nxe5 21. Rh3 Kf7 22. Nh6+ Ke8 23. Kd2 Rf8 24. f4 Nc4+ 25. Kc2 b5 26. Ng4 Qd7 27. b3 Rb8 28. a5 Qb7 29. a6 Qc7 30. Rxh7 Nb6 31. Qxg6+ 1-0

[Event "Bergisch Gladbach-ch 25th"]
[Site "Bergisch Gladbach"]
[Date "2003.08.29"]
[Round "1.2"]
[White "Gnass, Arno"]
[Black "Behle, Burkhard"]
[Result "0-1"]
[WhiteElo "1738"]
[BlackElo "1938"]
[PlyCount "70"]
[EventDate "2003.08.??"]
[EventType "swiss"]
[EventRounds "7"]
[EventCountry "GER"]
[SourceTitle "EXT 2005"]
[Source "ChessBase"]
[SourceDate "2004.11.15"]
[SourceVersion "1"]
[SourceVersionDate "2004.11.15"]
[SourceQuality "1"]

1. d4 Nf6 2. c4 e6 3. g3 c5 4. Nf3 cxd4 5. Nxd4 Bc5 6. Nc3 0-0 7. Bg2 Qb6 8. e3 Nc6 9. Ndb5 Ne5 10. b3 d5 11. Qe2 dxc4 12. bxc4 a6 13. Na3 Qb4 14. Bb2 Qxb2 15. Qxb2 Nd3+ 16. Ke2 Nxb2 17. Nc2 Rb8 18. Rab1 Nxc4 19. Na4 Ba7 20. Rhc1 b5 21. Nc3 Bd7 22. Nb4 a5 23. Na6 Rb6 24. Nc7 Na3 25. Rb3 b4 26. Ne4 Rc8 27. Nxf6+ gxf6 28. Rd3 Be8 29. Rd4 Bb8 30. Rg4+ Kh8 31. Nxe8 Rxe8 32. Rc5 Rb5 33. Rxb5 Nxb5 34. h4 Nc3+ 35. Kd3 Nxa2 0-1

[Event "Bergisch Gladbach-ch 24th"]
[Site "Bergisch Gladbach"]
[Date "2002.10.04"]
[Round "6"]
[White "Behle, Burkhard"]
[Black "Udelhofen, Willi"]
[Result "0-1"]
[WhiteElo "1921"]
[BlackElo "1880"]
[PlyCount "98"]
[EventDate "2002.08.??"]
[EventType "swiss"]
[EventRounds "7"]
[EventCountry "GER"]
[SourceTitle "EXT 2005"]
[Source "ChessBase"]
[SourceDate "2004.11.15"]
[SourceVersion "1"]
[SourceVersionDate "2004.11.15"]
[SourceQuality "1"]

1. d4 Nf6 2. c4 c5 3. d5 b5 4. cxb5 a6 5. Nc3 axb5 6. Nxb5 Ba6 7. Nc3 g6 8. e4 Bxf1 9. Kxf1 d6 10. g4 Bg7 11. g5 Nh5 12. Nge2 Qc8 13. Ng3 Qh3+ 14. Kg1 Be5 15. Nxh5 gxh5 16. Nb5 Ra5 17. a4 Rg8 18. Ra3 Qh4 19. Qe1 Bxb2 20. Bxb2 Rxa4 21. Rxa4 Rxg5+ 22. Kf1 Qh3+ 23. Ke2 Qb3 24. Nc7+ Kd8 25. Rb4 cxb4 26. Qc1 Rg4 27. h3 Rxe4+ 28. Kf1 Rc4 29. Qa1 Rxc7 30. Rg1 Qxh3+ 31. Ke1 Qf5 32. Rg8+ Kd7 33. Qa4+ Nc6 34. dxc6+ Rxc6 35. Qa7+ Rc7 36. Qa4+ Ke6 37. Qb3+ Qd5 38. Qh3+ f5 39. Qxh5 Qe4+ 40. Kf1 Qb1+ 41. Kg2 Qxb2 42. Qh6+ Kd5 43. Qxh7 Qc2 44. Qf7+ e6 45. Qh5 Qe4+ 46. Kh2 Rc1 47. f3 Qe1 48. Qe8 Qf2+ 49. Rg2 Qh4# 0-1

[Event "Bergisch Gladbach-ch 24th"]
[Site "Bergisch Gladbach"]
[Date "2002.09.27"]
[Round "5"]
[White "Wieferig, Wolfgang"]
[Black "Behle, Burkhard"]
[Result "1-0"]
[WhiteElo "2218"]
[BlackElo "1921"]
[PlyCount "49"]
[EventDate "2002.08.??"]
[EventType "swiss"]
[EventRounds "7"]
[EventCountry "GER"]
[SourceTitle "EXT 2005"]
[Source "ChessBase"]
[SourceDate "2004.11.15"]
[SourceVersion "1"]
[SourceVersionDate "2004.11.15"]
[SourceQuality "1"]

1. e4 e5 2. f4 d5 3. exd5 e4 4. d3 Nf6 5. dxe4 Nxe4 6. Nf3 Bc5 7. Qe2 Bf5 8. Nc3 Qe7 9. Be3 Bxe3 10. Qxe3 Nxc3 11. Qxe7+ Kxe7 12. bxc3 Bxc2 13. Kd2 Ba4 14. Re1+ Kd6 15. Ng5 Be8 16. Bc4 a5 17. Ne4+ Kd7 18. Nc5+ Kc8 19. Re7 Ra7 20. Rhe1 Kd8 21. d6 b5 22. Bxf7 Bc6 23. d7 Bxd7 24. Nxd7 c6 25. Nxb8 1-0